000 00564nam a2200157 i 4500
001 100311
003 ES-MaACL
005 20230906182641.0
007 t|
008 050926m19111912xxk ||||1| eng d
245 0 0 _aMarvel of the Universe
_b: a popular work on the marvels of the heavens, the earth, plant life, animal life, the mighty deep /
_cwith and introduction by Lord Avebury.
260 _aLondon :
_bThe Standart,
_c1911-12.
300 _a2 v. :
_bil. ;
_c27 cm.
700 1 _aLubbock, John
_c, Sir (
_d1834-1913)
_974494
852 _aES-MaACL
_jC-2071-2
999 _c100311
_d100311